000 00850nam a2200229Ii 4500
003 JO-AjNU
008 230605s9999||||xx |||||||||||||| ||und||
017 _a2009/4/2132
020 _a978-995706-586-7
040 _aJO-AjNU
_bara
_erda
_cJO-AjNU
041 _aara
050 1 4 _aDR486.N3498 2014
100 3 _aتأليف: نجم،زين العابدين شمس الدين,
_eauthor
_960238
245 0 0 _aتاريخ الدولة العثمانية
250 _aالطبعة الثانية
264 3 1 _aعمان: دار المسيرة للنشر والتوزيع، 2014
300 _a424ص
_b ويحتوي على قائمة مراجع من ص421ص- 424ص
336 _atext
_btxt
_2rdacontent
337 _aunmediated
_bn
_2rdamedia
338 _avolume
_bnc
_2rdacarrier
650 4 _aالدولة العثمانية - التاريخ
_960239
999 _aA27152
_c30720
_d30720